Power abuse invalidates adjudication (Record no. 71210)

MARC details
000 -LEADER
fixed length control field 01360cam a2200193 4500
001 - CONTROL NUMBER
control field ABS65927
008 - FIXED-LENGTH DATA ELEMENTS--GENERAL INFORMATION
fixed length control field 020924n2002 000 0 eng u
035 ## - SYSTEM CONTROL NUMBER
System control number (Sirsi) u119827
100 ## - MAIN ENTRY--PERSONAL NAME
Personal name Atkinson, D
245 ## - TITLE STATEMENT
Title Power abuse invalidates adjudication
260 ## - PUBLICATION, DISTRIBUTION, ETC.
Date of publication, distribution, etc. 2002
490 ## - SERIES STATEMENT
Series statement Construction News
Volume/sequential designation (6774) 11 July 2002, 12(1)
520 ## - SUMMARY, ETC.
Summary, etc. Notes that in recent case "Balfour Beatty Construction Ltd v Lambeth LBC" [2002], if an adjudication is to be used effectively, it is essential that the referring party gives the adjudicator everything required in a highly manageable form. The adjudicator should not attempt to reverse fundamental deficiencies in the material presented by one party without first giving the other party a proper opportunity to deal with the intentions and the results. He should then liaise with both parties about his findings, otherwise his decision will be invalid. Suggests that the training of adjudicators need to be more exacting in order to emphasise the needs of a case.
590 ## - LOCAL NOTE (RLIN)
Local note ABS
650 ## - SUBJECT ADDED ENTRY--TOPICAL TERM
Topical term or geographic name entry element MANAGEMENT-DISPUTE AVOIDANCE, MANAGEMENT AND RESOLUTION-DISPUTE MANAGEMENT AND RESOLUTION-ALTERNATIVE DISPUTE RESOLUTION-ADJUDICATION
650 ## - SUBJECT ADDED ENTRY--TOPICAL TERM
Topical term or geographic name entry element BALFOUR BEATTY CONSTRUCTION LTD V LAMBETH LBC
690 ## - LOCAL SUBJECT ADDED ENTRY--TOPICAL TERM (OCLC, RLIN)
Topical term or geographic name as entry element MANGEMENT-DISPUTE AVOIDANCE, MANAGEMENT AND RESOLUTION-DISPUTE MANAGEMENT AND RESOLUTION
942 ## - ADDED ENTRY ELEMENTS (KOHA)
Suppress in OPAC 0
Holdings
Withdrawn status Lost status Source of classification or shelving scheme Damaged status Not for loan Home library Current library Shelving location Date acquired Total Checkouts Full call number Barcode Date last seen Copy number Price effective from Koha item type
    Dewey Decimal Classification     London London Journal article 24/09/2002   ABS65927 119827-1001 06/08/2019 1 06/08/2019 Journal article